<?xml version="1.0" encoding="UTF-8"?>
<marc:record xmlns:marc="http://www.loc.gov/MARC21/slim" type="Bibliographic">
   <marc:leader>00000nam a2200000uc 4500</marc:leader>
   <marc:controlfield tag="001">1357985827</marc:controlfield>
   <marc:controlfield tag="003">DE-101</marc:controlfield>
   <marc:controlfield tag="005">20250318223555.0</marc:controlfield>
   <marc:controlfield tag="007">cr||||||||||||</marc:controlfield>
   <marc:controlfield tag="008">250227s2025    gw |||||o|||| 00||||ger  </marc:controlfield>
   <marc:datafield ind1=" " ind2=" " tag="015">
      <marc:subfield code="a">25,O03</marc:subfield>
      <marc:subfield code="2">dnb</marc:subfield>
   </marc:datafield>
   <marc:datafield ind1="7" ind2=" " tag="016">
      <marc:subfield code="2">DE-101</marc:subfield>
      <marc:subfield code="a">1357985827</marc:subfield>
   </marc:datafield>
   <marc:datafield ind1=" " ind2=" " tag="020">
      <marc:subfield code="a">9783492610810</marc:subfield>
      <marc:subfield code="9">978-3-492-61081-0</marc:subfield>
   </marc:datafield>
   <marc:datafield ind1="7" ind2=" " tag="024">
      <marc:subfield code="2">urn</marc:subfield>
      <marc:subfield code="a">urn:nbn:de:101:1-2502271536488.124143126431</marc:subfield>
   </marc:datafield>
   <marc:datafield ind1=" " ind2=" " tag="035">
      <marc:subfield code="a">(DE-599)DNB1357985827</marc:subfield>
   </marc:datafield>
   <marc:datafield ind1=" " ind2=" " tag="035">
      <marc:subfield code="a">(OCoLC)1504462838</marc:subfield>
   </marc:datafield>
   <marc:datafield ind1=" " ind2=" " tag="040">
      <marc:subfield code="a">1240</marc:subfield>
      <marc:subfield code="b">ger</marc:subfield>
      <marc:subfield code="c">DE-101</marc:subfield>
      <marc:subfield code="d">9999</marc:subfield>
   </marc:datafield>
   <marc:datafield ind1=" " ind2=" " tag="041">
      <marc:subfield code="8">1\p</marc:subfield>
      <marc:subfield code="a">ger</marc:subfield>
      <marc:subfield code="h">eng</marc:subfield>
   </marc:datafield>
   <marc:datafield ind1=" " ind2=" " tag="044">
      <marc:subfield code="c">XA-DE-BY</marc:subfield>
   </marc:datafield>
   <marc:datafield ind1="7" ind2="4" tag="082">
      <marc:subfield code="8">7\p</marc:subfield>
      <marc:subfield code="a">810</marc:subfield>
      <marc:subfield code="a">B</marc:subfield>
      <marc:subfield code="q">DE-101</marc:subfield>
      <marc:subfield code="2">23sdnb</marc:subfield>
   </marc:datafield>
   <marc:datafield ind1="1" ind2=" " tag="100">
      <marc:subfield code="8">3\p</marc:subfield>
      <marc:subfield code="0">(DE-588)1359726101</marc:subfield>
      <marc:subfield code="0">https://d-nb.info/gnd/1359726101</marc:subfield>
      <marc:subfield code="0">(DE-101)1359726101</marc:subfield>
      <marc:subfield code="a">Hashem, Sara</marc:subfield>
      <marc:subfield code="e">Verfasser</marc:subfield>
      <marc:subfield code="4">aut</marc:subfield>
      <marc:subfield code="2">gnd</marc:subfield>
   </marc:datafield>
   <marc:datafield ind1="1" ind2="0" tag="240">
      <marc:subfield code="8">6\p</marc:subfield>
      <marc:subfield code="a">&#x98;The&#x9c; Jasad Heir</marc:subfield>
   </marc:datafield>
   <marc:datafield ind1="1" ind2="0" tag="245">
      <marc:subfield code="a">&#x98;The&#x9c; Jasad Heir</marc:subfield>
      <marc:subfield code="b">Roman | Slow Burn zwischen der Thronerbin von Jasad und ihrem Erzfeind</marc:subfield>
      <marc:subfield code="c">Sara Hashem</marc:subfield>
   </marc:datafield>
   <marc:datafield ind1=" " ind2=" " tag="250">
      <marc:subfield code="a">1. Auflage</marc:subfield>
   </marc:datafield>
   <marc:datafield ind1=" " ind2="1" tag="264">
      <marc:subfield code="a">München</marc:subfield>
      <marc:subfield code="b">Piper ebooks</marc:subfield>
      <marc:subfield code="c">2025</marc:subfield>
   </marc:datafield>
   <marc:datafield ind1=" " ind2=" " tag="300">
      <marc:subfield code="a">Online-Ressource, 560 Seiten</marc:subfield>
   </marc:datafield>
   <marc:datafield ind1=" " ind2=" " tag="336">
      <marc:subfield code="a">Text</marc:subfield>
      <marc:subfield code="b">txt</marc:subfield>
      <marc:subfield code="2">rdacontent</marc:subfield>
   </marc:datafield>
   <marc:datafield ind1=" " ind2=" " tag="337">
      <marc:subfield code="a">Computermedien</marc:subfield>
      <marc:subfield code="b">c</marc:subfield>
      <marc:subfield code="2">rdamedia</marc:subfield>
   </marc:datafield>
   <marc:datafield ind1=" " ind2=" " tag="338">
      <marc:subfield code="a">Online-Ressource</marc:subfield>
      <marc:subfield code="b">cr</marc:subfield>
      <marc:subfield code="2">rdacarrier</marc:subfield>
   </marc:datafield>
   <marc:datafield ind1="1" ind2=" " tag="490">
      <marc:subfield code="a">The Jasad Heir</marc:subfield>
      <marc:subfield code="v">1</marc:subfield>
   </marc:datafield>
   <marc:datafield ind1="1" ind2=" " tag="583">
      <marc:subfield code="a">Archivierung/Langzeitarchivierung gewährleistet</marc:subfield>
      <marc:subfield code="5">DE-101</marc:subfield>
      <marc:subfield code="2">pdager</marc:subfield>
   </marc:datafield>
   <marc:datafield ind1=" " ind2=" " tag="653">
      <marc:subfield code="a">(Produktform)Electronic book text</marc:subfield>
   </marc:datafield>
   <marc:datafield ind1=" " ind2=" " tag="653">
      <marc:subfield code="a">(BISAC Subject Heading)FIC009000</marc:subfield>
   </marc:datafield>
   <marc:datafield ind1=" " ind2=" " tag="653">
      <marc:subfield code="a">(BISAC Subject Heading)FIC009020</marc:subfield>
   </marc:datafield>
   <marc:datafield ind1=" " ind2=" " tag="653">
      <marc:subfield code="a">High Fantasy</marc:subfield>
   </marc:datafield>
   <marc:datafield ind1=" " ind2=" " tag="653">
      <marc:subfield code="a">Romantic Fantasy</marc:subfield>
   </marc:datafield>
   <marc:datafield ind1=" " ind2=" " tag="653">
      <marc:subfield code="a">So gut wie Fourth Wing</marc:subfield>
   </marc:datafield>
   <marc:datafield ind1=" " ind2=" " tag="653">
      <marc:subfield code="a">Ägyptisch inspiriert</marc:subfield>
   </marc:datafield>
   <marc:datafield ind1=" " ind2=" " tag="653">
      <marc:subfield code="a">TikTok</marc:subfield>
   </marc:datafield>
   <marc:datafield ind1=" " ind2=" " tag="653">
      <marc:subfield code="a">Slow Burn</marc:subfield>
   </marc:datafield>
   <marc:datafield ind1=" " ind2=" " tag="653">
      <marc:subfield code="a">Enemies-to-Lovers</marc:subfield>
   </marc:datafield>
   <marc:datafield ind1=" " ind2=" " tag="653">
      <marc:subfield code="a">ägyptischer Weltenbau</marc:subfield>
   </marc:datafield>
   <marc:datafield ind1=" " ind2=" " tag="653">
      <marc:subfield code="a">tödliche Spiele wie bei Hunger Games</marc:subfield>
   </marc:datafield>
   <marc:datafield ind1=" " ind2=" " tag="653">
      <marc:subfield code="a">Königin</marc:subfield>
   </marc:datafield>
   <marc:datafield ind1=" " ind2=" " tag="653">
      <marc:subfield code="a">royal</marc:subfield>
   </marc:datafield>
   <marc:datafield ind1=" " ind2=" " tag="653">
      <marc:subfield code="a">Erzfeind</marc:subfield>
   </marc:datafield>
   <marc:datafield ind1=" " ind2=" " tag="653">
      <marc:subfield code="a">Thronerbin</marc:subfield>
   </marc:datafield>
   <marc:datafield ind1=" " ind2=" " tag="653">
      <marc:subfield code="a">Thronerbe</marc:subfield>
   </marc:datafield>
   <marc:datafield ind1=" " ind2=" " tag="653">
      <marc:subfield code="a">New Adult</marc:subfield>
   </marc:datafield>
   <marc:datafield ind1=" " ind2=" " tag="653">
      <marc:subfield code="a">(VLB-WN)9132</marc:subfield>
   </marc:datafield>
   <marc:datafield ind1=" " ind2=" " tag="653">
      <marc:subfield code="a">(BISAC Subject Heading)FIC009020: FICTION / Fantasy / Epic</marc:subfield>
   </marc:datafield>
   <marc:datafield ind1=" " ind2=" " tag="653">
      <marc:subfield code="a">(BISAC Subject Heading)FIC009090: FICTION / Fantasy / Romance</marc:subfield>
   </marc:datafield>
   <marc:datafield ind1=" " ind2=" " tag="653">
      <marc:subfield code="a">(BISAC Subject Heading)FIC009000: FICTION / Fantasy / General</marc:subfield>
   </marc:datafield>
   <marc:datafield ind1=" " ind2="7" tag="655">
      <marc:subfield code="8">2\p</marc:subfield>
      <marc:subfield code="0">(DE-588)1071854844</marc:subfield>
      <marc:subfield code="0">https://d-nb.info/gnd/1071854844</marc:subfield>
      <marc:subfield code="0">(DE-101)1071854844</marc:subfield>
      <marc:subfield code="a">Fiktionale Darstellung</marc:subfield>
      <marc:subfield code="2">gnd-content</marc:subfield>
   </marc:datafield>
   <marc:datafield ind1=" " ind2="7" tag="655">
      <marc:subfield code="0">(DE-101)1010885626</marc:subfield>
      <marc:subfield code="a">Fantasy</marc:subfield>
      <marc:subfield code="2">gatbeg</marc:subfield>
   </marc:datafield>
   <marc:datafield ind1="1" ind2=" " tag="700">
      <marc:subfield code="8">4\p</marc:subfield>
      <marc:subfield code="0">(DE-588)128761008</marc:subfield>
      <marc:subfield code="0">https://d-nb.info/gnd/128761008</marc:subfield>
      <marc:subfield code="0">(DE-101)128761008</marc:subfield>
      <marc:subfield code="0">(isni)0000000073686999</marc:subfield>
      <marc:subfield code="a">Link, Michaela</marc:subfield>
      <marc:subfield code="d">1963-</marc:subfield>
      <marc:subfield code="e">Übersetzer</marc:subfield>
      <marc:subfield code="4">trl</marc:subfield>
      <marc:subfield code="2">gnd</marc:subfield>
   </marc:datafield>
   <marc:datafield ind1="2" ind2=" " tag="710">
      <marc:subfield code="8">5\p</marc:subfield>
      <marc:subfield code="0">(DE-588)10078672-8</marc:subfield>
      <marc:subfield code="0">https://d-nb.info/gnd/10078672-8</marc:subfield>
      <marc:subfield code="0">(DE-101)971234752</marc:subfield>
      <marc:subfield code="a">Piper Verlag</marc:subfield>
      <marc:subfield code="e">Verlag</marc:subfield>
      <marc:subfield code="4">pbl</marc:subfield>
      <marc:subfield code="2">gnd</marc:subfield>
   </marc:datafield>
   <marc:datafield ind1="0" ind2="8" tag="776">
      <marc:subfield code="i">Erscheint auch als</marc:subfield>
      <marc:subfield code="n">Druck-Ausgabe</marc:subfield>
      <marc:subfield code="a">Hashem, Sara</marc:subfield>
      <marc:subfield code="t">&#x98;The&#x9c; Jasad heir</marc:subfield>
      <marc:subfield code="d">München : Piper, [2025]</marc:subfield>
      <marc:subfield code="h">556 Seiten, 1 Karte</marc:subfield>
      <marc:subfield code="w">(DE-101)1344285635</marc:subfield>
      <marc:subfield code="b">Deutsche Erstausgabe</marc:subfield>
   </marc:datafield>
   <marc:datafield ind1=" " ind2="0" tag="830">
      <marc:subfield code="a">The Jasad Heir</marc:subfield>
      <marc:subfield code="v">1</marc:subfield>
   </marc:datafield>
   <marc:datafield ind1=" " ind2=" " tag="850">
      <marc:subfield code="a">DE-101a</marc:subfield>
      <marc:subfield code="a">DE-101b</marc:subfield>
   </marc:datafield>
   <marc:datafield ind1="4" ind2="0" tag="856">
      <marc:subfield code="u">https://nbn-resolving.org/urn:nbn:de:101:1-2502271536488.124143126431</marc:subfield>
      <marc:subfield code="x">Resolving-System</marc:subfield>
   </marc:datafield>
   <marc:datafield ind1=" " ind2="0" tag="856">
      <marc:subfield code="u">https://d-nb.info/1357985827/34</marc:subfield>
      <marc:subfield code="x">Langzeitarchivierung Nationalbibliothek</marc:subfield>
   </marc:datafield>
   <marc:datafield ind1="4" ind2=" " tag="856">
      <marc:subfield code="q">epub</marc:subfield>
      <marc:subfield code="u">https://www.piper.de/verlag/unsere-verlage/piper-digital</marc:subfield>
      <marc:subfield code="x">Verlag</marc:subfield>
   </marc:datafield>
   <marc:datafield ind1="2" ind2=" " tag="883">
      <marc:subfield code="8">1\p</marc:subfield>
      <marc:subfield code="a">dnb-pa</marc:subfield>
      <marc:subfield code="d">20250305</marc:subfield>
      <marc:subfield code="q">DE-101</marc:subfield>
      <marc:subfield code="u">https://d-nb.info/provenance/plan#dnb-pa</marc:subfield>
   </marc:datafield>
   <marc:datafield ind1="2" ind2=" " tag="883">
      <marc:subfield code="8">2\p</marc:subfield>
      <marc:subfield code="a">dnb-pa</marc:subfield>
      <marc:subfield code="d">20250318</marc:subfield>
      <marc:subfield code="q">DE-101</marc:subfield>
      <marc:subfield code="u">https://d-nb.info/provenance/plan#dnb-pa</marc:subfield>
   </marc:datafield>
   <marc:datafield ind1=" " ind2=" " tag="883">
      <marc:subfield code="8">3\p</marc:subfield>
      <marc:subfield code="a">cgwrk</marc:subfield>
      <marc:subfield code="d">20250314</marc:subfield>
      <marc:subfield code="q">DE-101</marc:subfield>
      <marc:subfield code="u">https://d-nb.info/provenance/plan#cgwrk</marc:subfield>
   </marc:datafield>
   <marc:datafield ind1="1" ind2=" " tag="883">
      <marc:subfield code="8">4\p</marc:subfield>
      <marc:subfield code="a">vlb-pa</marc:subfield>
      <marc:subfield code="d">20250228</marc:subfield>
      <marc:subfield code="q">DE-101</marc:subfield>
      <marc:subfield code="u">https://d-nb.info/provenance/plan#vlb-pa</marc:subfield>
   </marc:datafield>
   <marc:datafield ind1="1" ind2=" " tag="883">
      <marc:subfield code="8">5\p</marc:subfield>
      <marc:subfield code="a">adb-pa</marc:subfield>
      <marc:subfield code="d">20250228</marc:subfield>
      <marc:subfield code="q">DE-101</marc:subfield>
      <marc:subfield code="u">https://d-nb.info/provenance/plan#adb-pa</marc:subfield>
   </marc:datafield>
   <marc:datafield ind1="2" ind2=" " tag="883">
      <marc:subfield code="8">6\p</marc:subfield>
      <marc:subfield code="a">dnb-pa</marc:subfield>
      <marc:subfield code="d">20250305</marc:subfield>
      <marc:subfield code="q">DE-101</marc:subfield>
      <marc:subfield code="u">https://d-nb.info/provenance/plan#dnb-pa</marc:subfield>
   </marc:datafield>
   <marc:datafield ind1="2" ind2=" " tag="883">
      <marc:subfield code="8">7\p</marc:subfield>
      <marc:subfield code="a">dnb-pa</marc:subfield>
      <marc:subfield code="d">20250318</marc:subfield>
      <marc:subfield code="q">DE-101</marc:subfield>
      <marc:subfield code="u">https://d-nb.info/provenance/plan#dnb-pa</marc:subfield>
   </marc:datafield>
   <marc:datafield ind1="r" ind2=" " tag="925">
      <marc:subfield code="a">ro</marc:subfield>
      <marc:subfield code="a">ra</marc:subfield>
   </marc:datafield>
   <marc:datafield ind1="1" ind2=" " tag="926">
      <marc:subfield code="a">FM</marc:subfield>
      <marc:subfield code="o">93</marc:subfield>
      <marc:subfield code="v">1.5</marc:subfield>
   </marc:datafield>
   <marc:datafield ind1="2" ind2=" " tag="926">
      <marc:subfield code="a">FMB</marc:subfield>
      <marc:subfield code="o">93</marc:subfield>
      <marc:subfield code="v">1.5</marc:subfield>
   </marc:datafield>
   <marc:datafield ind1=" " ind2=" " tag="927">
      <marc:subfield code="a">180518912</marc:subfield>
   </marc:datafield>
</marc:record>
